[Event "Duncan Lawrie World Mixed Challenge"]
[Site "London"]
[Date "1988.10.22"]
[Round "1"]
[White "Bellin, Jana"]
[Black "Hennigan, Michael"]
[Result "1/2-1/2"]
[WhiteElo "2300"]
[BlackElo "2295"]
[PlyCount "106"]
[EventDate "1988.10.22"]
[EventType "tourn"]
[EventRounds "9"]
[EventCountry "ENG"]
[EventCategory "4"]
[SourceTitle "BritBase"]
[Source "John Saunders"]
[SourceDate "2022.12.30"]
[SourceVersion "1"]
[SourceVersionDate "2022.12.30"]
[SourceQuality "1"]

1. d4 Nf6 2. Nf3 g6 3. c4 Bg7 4. Nc3 O-O 5. Bg5 d6 6. e3 c6 7. Be2 a6 8. O-O b5
9. Nd2 Be6 10. Rc1 Ra7 11. e4 bxc4 12. Bxc4 Bxc4 13. Nxc4 Nxe4 14. Nxe4 d5 15.
Nc5 dxc4 16. Be3 Nd7 17. Rxc4 Nb6 18. Rc3 Nd5 19. Ra3 Nxe3 20. fxe3 e5 21. dxe5
Qe7 22. Qd6 Qxe5 23. Qxe5 Bxe5 24. Rxa6 Rxa6 25. Nxa6 Bxb2 26. Rb1 Be5 27. Nc5
Ra8 28. a4 Ra5 29. Rc1 Bb2 30. Rc4 Kf8 31. Kf2 Ba3 32. Nb3 Ra6 33. Nd4 c5 34.
Nb3 Bb4 35. Nxc5 Bxc5 36. Rxc5 Rxa4 37. Rc7 Kg7 38. Kf3 Kf6 39. g3 h6 40. h4 h5
41. Rb7 Ra5 42. Rb6+ Ke5 43. Rb7 Kf6 44. Rb6+ Kf5 45. Rb7 Ke6 46. Rb6+ Ke5 47.
Rb7 Ra1 48. Rb5+ Kd6 49. Ke2 f6 50. Kf3 Rd1 51. Ra5 Ke6 52. Ra6+ Ke5 53. Ra8
Ke6 1/2-1/2

[Event "Duncan Lawrie World Mixed Challenge"]
[Site "London"]
[Date "1988.10.22"]
[Round "1"]
[White "Polgar, Sofia"]
[Black "Westerinen, Heikki MJ"]
[Result "1-0"]
[WhiteElo "2345"]
[BlackElo "2395"]
[PlyCount "73"]
[EventDate "1988.10.22"]
[EventType "tourn"]
[EventRounds "9"]
[EventCountry "ENG"]
[EventCategory "4"]
[SourceTitle "BritBase"]
[Source "John Saunders"]
[SourceDate "2022.12.30"]
[SourceVersion "1"]
[SourceVersionDate "2022.12.30"]
[SourceQuality "1"]

{An eccentric opening punished:} 1. e4 Nc6 2. Nc3 Nf6 3. d4 e6 4. d5 exd5 (4...
Ne5 5. f4 Ng6 {may be a lesser evil.}) 5. exd5 Ne5 6. Qe2 Qe7 7. d6 $1 cxd6 8.
Bg5 Qe6 9. Bxf6 gxf6 ({Not} 9... Qxf6 10. Nd5 Qd8 11. f4 {winning material.})
10. f4 Ng4 11. Nf3 Bh6 12. Nd4 Qxe2+ 13. Bxe2 Ne3 14. g3 Kd8 15. Kd2 Re8 16.
Bd3 b6 17. Rhe1 Ng4 18. Rxe8+ Kxe8 19. Bf5 Ne5 ({A long-suffering knight:} 
19... Nxh2 $2 20. Rh1) 20. Ncb5 Kf8 21. Re1 Bb7 22. Nxd6 Nf3+ 23. Nxf3 Bxf3 24.
Bxh7 Rd8 25. Bd3 Bg4 {[#]Black has been comprehensively out­played and his
bishop at h6 cannot get into play except at the cost of another pawn.} 26. Kc3
Bg7 27. Bf5 Bf3 28. Kd4 Bc6 29. c4 Ra8 30. b4 a6 31. b5 axb5 32. cxb5 Bf3 33.
Bxd7 f5+ ({Or} 33... Rd8 34. f5 {, in view of 35 Re8+.}) 34. Kc4 Bb2 35. Bc6
Rd8 36. Nb7 Rd4+ 37. Kb3 {Source: BCM, December 1988, p530} 1-0

[Event "Duncan Lawrie World Mixed Challenge"]
[Site "London"]
[Date "1988.10.23"]
[Round "2"]
[White "Arkell, Keith C"]
[Black "Bellin, Jana"]
[Result "1/2-1/2"]
[WhiteElo "2430"]
[BlackElo "2300"]
[PlyCount "104"]
[EventDate "1988.10.22"]
[EventType "tourn"]
[EventRounds "9"]
[EventCountry "ENG"]
[EventCategory "4"]
[SourceTitle "BritBase"]
[Source "John Saunders"]
[SourceDate "2022.12.30"]
[SourceVersion "1"]
[SourceVersionDate "2022.12.30"]
[SourceQuality "1"]

1. Nf3 Nf6 2. d4 e6 3. Bg5 Be7 4. c4 b6 5. Nc3 Bb7 6. e3 O-O 7. h4 d5 8. cxd5
exd5 9. Bd3 Ne4 10. Qc2 f5 11. Bxe7 Qxe7 12. Ne2 c5 13. Nf4 Nd7 14. O-O Rac8
15. Qa4 a6 16. Qa3 Rc7 17. Rad1 Ndf6 18. Bxe4 fxe4 19. Ng5 Rfc8 20. dxc5 bxc5
21. Nge6 Rd7 22. Rc1 Ng4 23. Rxc5 Rd6 24. Rxc8+ Bxc8 25. Ng5 h6 26. Ngh3 Qd8
27. Rd1 d4 28. Qb3+ Kh7 29. Qb4 a5 30. Qc5 d3 31. Rd2 Qd7 32. Qxa5 Rc6 33. Rd1
Rc2 34. Qb4 Qc6 35. Qb3 Ba6 36. Qf7 Bc8 37. Qb3 Qf6 38. Nxd3 exd3 39. Qxd3+ Bf5
40. Qd5 Qe5 41. Qxe5 Nxe5 42. Rd5 Ng4 43. Kf1 Nh2+ 44. Ke1 Bxh3 45. gxh3 Nf3+
46. Kf1 Rxb2 47. a4 Ra2 48. a5 Nd2+ 49. Kg2 Nc4 50. Kg3 Nxa5 51. e4 Nc4 52. h5
Kg8 1/2-1/2

[Event "Duncan Lawrie World Mixed Challenge"]
[Site "London"]
[Date "1988.10.23"]
[Round "2"]
[White "Kraidman, Yair"]
[Black "Lalic, Susan Kathryn"]
[Result "1-0"]
[WhiteElo "2405"]
[BlackElo "2355"]
[PlyCount "67"]
[EventDate "1988.10.22"]
[EventType "tourn"]
[EventRounds "9"]
[EventCountry "ENG"]
[EventCategory "4"]
[SourceTitle "BritBase"]
[Source "John Saunders"]
[SourceDate "2022.12.30"]
[SourceVersion "1"]
[SourceVersionDate "2022.12.30"]
[SourceQuality "1"]

1. d4 d5 2. Nf3 c5 3. g3 Nc6 4. Bg2 Nf6 5. O-O e6 6. c3 Be7 7. dxc5 Bxc5 8. Bg5
Qb6 9. Bxf6 gxf6 10. Qc2 f5 11. Nbd2 Bd7 12. Rad1 O-O-O 13. c4 d4 14. a3 a5 15.
Nb3 e5 16. Ng5 Be6 17. Bd5 Bxd5 18. cxd5 Rxd5 19. Qxf5+ Rd7 20. Nxc5 Qxc5 21.
Ne4 Qe7 22. Nf6 Qe6 23. Qxe6 fxe6 24. Nxd7 Kxd7 25. f4 e4 26. Rxd4+ Nxd4 27.
Rd1 e5 28. fxe5 Ke6 29. Rxd4 Kxe5 30. Rd7 b6 31. Kf2 h6 32. Ke3 Re8 33. Rd4 Kf5
34. Rd6 1-0

[Event "Duncan Lawrie World Mixed Challenge"]
[Site "London"]
[Date "1988.10.23"]
[Round "2"]
[White "Polgar, Judit"]
[Black "Hennigan, Michael"]
[Result "1-0"]
[WhiteElo "2365"]
[BlackElo "2295"]
[PlyCount "66"]
[EventDate "1988.10.22"]
[EventType "tourn"]
[EventRounds "9"]
[EventCountry "ENG"]
[EventCategory "4"]
[SourceTitle "BritBase"]
[Source "John Saunders"]
[SourceDate "2022.12.30"]
[SourceVersion "1"]
[SourceVersionDate "2022.12.30"]
[SourceQuality "1"]

1. e4 g6 2. d4 Bg7 3. Nc3 d6 4. f4 Nf6 5. Nf3 c5 6. dxc5 Qa5 7. Bd3 Qxc5 8. Qe2
O-O 9. Be3 Qa5 10. h3 Nh5 11. Kf2 e5 12. f5 $1 Nf4 13. Bxf4 exf4 14. Qd2 Nc6
15. Qxf4 Qb6+ 16. Qe3 Qxb2 17. Nd5 Nb4 18. Nxb4 Qxb4 19. Rab1 Qa5 20. g4 b6 (
20... Qc5 21. Qxc5 dxc5 22. e5 c4 23. Be4 Re8 {comes into consideration.}) 21.
g5 Re8 (21... Bc3) 22. f6 Bf8 23. Qf4 d5 24. e5 Bc5+ 25. Kg3 Ba6 26. h4 Qa3 27.
Rbd1 Rad8 28. h5 Rd7 29. hxg6 fxg6 30. Bxa6 Qxa6 31. Qg4 Qe2 32. Rd2 Bf2+ 33.
Kg2 Qe4 {time. Source: BCM, December 1988, p528} 1-0

[Event "Duncan Lawrie World Mixed Challenge"]
[Site "London"]
[Date "1988.10.23"]
[Round "2"]
[White "Westerinen, Heikki MJ"]
[Black "Dunnington, Angus J"]
[Result "1-0"]
[WhiteElo "2395"]
[BlackElo "2280"]
[PlyCount "79"]
[EventDate "1988.10.22"]
[EventType "tourn"]
[EventRounds "9"]
[EventCountry "ENG"]
[EventCategory "4"]
[SourceTitle "BritBase"]
[Source "John Saunders"]
[SourceDate "2022.12.30"]
[SourceVersion "1"]
[SourceVersionDate "2022.12.30"]
[SourceQuality "1"]

1. e4 d5 2. exd5 Nf6 3. d4 Nxd5 4. Nf3 g6 5. Bc4 Bg7 6. O-O O-O 7. Re1 Nb6 8.
Bb3 c5 9. c3 cxd4 10. Nxd4 e5 11. Nb5 Bd7 12. N1a3 Nc6 13. Be3 Nc8 14. Nc4 N6e7
15. a4 a6 16. Nbd6 Nxd6 17. Bb6 Qc8 18. Nxd6 Qc6 19. a5 Nc8 20. Nxc8 Qxc8 21.
h3 Bc6 22. Qg4 Qxg4 23. hxg4 Bf6 24. Rad1 Rfe8 25. Bd5 Kg7 26. Bxc6 bxc6 27.
Rd6 Rac8 28. Re4 Bd8 29. Rc4 c5 30. Rxc5 Bxb6 31. Rxc8 Bxf2+ 32. Kxf2 Rxc8 33.
Rxa6 Kh6 34. Rb6 Kg5 35. Rb7 f5 36. gxf5 gxf5 37. Rxh7 Rc5 38. a6 Ra5 39. a7
Ra2 40. Ke3 1-0

[Event "Duncan Lawrie World Mixed Challenge"]
[Site "London"]
[Date "1988.10.24"]
[Round "3"]
[White "Bellin, Jana"]
[Black "Lalic, Susan Kathryn"]
[Result "0-1"]
[WhiteElo "2300"]
[BlackElo "2355"]
[PlyCount "64"]
[EventDate "1988.10.22"]
[EventType "tourn"]
[EventRounds "9"]
[EventCountry "ENG"]
[EventCategory "4"]
[SourceTitle "BritBase"]
[Source "John Saunders"]
[SourceDate "2022.12.30"]
[SourceVersion "1"]
[SourceVersionDate "2022.12.30"]
[SourceQuality "1"]

1. d4 Nf6 2. Nf3 c5 3. e3 cxd4 4. exd4 d5 5. Bd3 Bg4 6. c3 Nc6 7. Nbd2 e6 8.
Qa4 Bd6 9. Ne5 Qc7 10. Ndf3 Bxf3 11. Nxf3 O-O 12. O-O h6 13. Re1 a6 14. Qd1 b5
15. Qe2 Rfe8 16. Ne5 b4 17. Bd2 bxc3 18. bxc3 Reb8 19. Rab1 Rxb1 20. Bxb1 Rb8
21. h3 Nxe5 22. dxe5 Bxe5 23. Qxa6 Bxc3 24. Bxc3 Qxc3 25. Rf1 g6 26. a4 Kg7 27.
Bd3 Rb2 28. Rb1 Rd2 29. Bf1 Ne4 30. Rb7 Rxf2 31. Qxe6 Rxf1+ 32. Kxf1 Qc1+ 0-1

[Event "Duncan Lawrie World Mixed Challenge"]
[Site "London"]
[Date "1988.10.25"]
[Round "4"]
[White "Jackson, Sheila"]
[Black "Westerinen, Heikki MJ"]
[Result "1-0"]
[WhiteElo "2245"]
[BlackElo "2395"]
[PlyCount "139"]
[EventDate "1988.10.22"]
[EventType "tourn"]
[EventRounds "9"]
[EventCountry "ENG"]
[EventCategory "4"]
[SourceTitle "BritBase"]
[Source "John Saunders"]
[SourceDate "2022.12.30"]
[SourceVersion "1"]
[SourceVersionDate "2022.12.30"]
[SourceQuality "1"]

1. e4 e5 2. Nf3 Nc6 3. Bb5 a6 4. Ba4 Nf6 5. O-O Be7 6. Re1 b5 7. Bb3 d6 8. c3
O-O 9. h3 Na5 10. Bc2 c5 11. d4 Re8 12. dxe5 dxe5 13. Nxe5 Bd6 14. Nxf7 Kxf7
15. e5 Qe7 16. Bd2 Bxe5 17. f4 Qc7 18. fxe5 Rxe5 19. Rxe5 Qxe5 20. Qe1 Qxe1+
21. Bxe1 Bb7 22. Nd2 Re8 23. Bd3 c4 24. Bf1 Nd5 25. Bg3 Ne3 26. Bc7 Nc6 27. Re1
Re7 28. Bb6 Nd5 29. Rxe7+ Ncxe7 30. Bc5 Nf4 31. a4 Bd5 32. axb5 axb5 33. g3 Ne6
34. Ba3 Nc6 35. Kf2 Kf6 36. Ke3 Ke5 37. h4 Nc7 38. Nf3+ Kf6 39. Ng5 h6 40. Ne4+
Kf7 41. Bd6 Ne8 42. Bc5 Bxe4 43. Kxe4 Nf6+ 44. Ke3 Nd5+ 45. Ke4 Nf6+ 46. Ke3
Nd5+ 47. Kf3 Nf6 48. Bh3 Ne5+ 49. Ke3 Nh5 50. Bd6 Nd3 51. b4 Nf6 52. Kd4 Nc1
53. Be5 Ke7 54. Bxf6+ gxf6 55. Kc5 Ne2 56. Kxb5 Nxc3+ 57. Kxc4 Ne4 58. Kd5 Nxg3
59. b5 Kd8 60. b6 f5 61. Ke5 Kd7 62. Bg2 h5 63. Kf4 Ne2+ 64. Kxf5 Kc8 65. Kg5
Ng3 66. Bf3 Kb8 67. Kf4 Nf1 68. Bxh5 Kb7 69. Bf3+ Kxb6 70. h5 1-0

[Event "Duncan Lawrie World Mixed Challenge"]
[Site "London"]
[Date "1988.10.25"]
[Round "4"]
[White "Kraidman, Yair"]
[Black "Arkell, Keith C"]
[Result "1-0"]
[WhiteElo "2405"]
[BlackElo "2430"]
[PlyCount "139"]
[EventDate "1988.10.22"]
[EventType "tourn"]
[EventRounds "9"]
[EventCountry "ENG"]
[EventCategory "4"]
[SourceTitle "BritBase"]
[Source "John Saunders"]
[SourceDate "2022.12.30"]
[SourceVersion "1"]
[SourceVersionDate "2022.12.30"]
[SourceQuality "1"]

1. d4 Nf6 2. c4 e6 3. Nf3 b6 4. g3 Ba6 5. Nbd2 Bb4 6. Qc2 c5 7. Bg2 Bb7 8. O-O
cxd4 9. Nxd4 Bxg2 10. Kxg2 Qc8 11. N2f3 Nc6 12. Bg5 Nxd4 13. Nxd4 Qb7+ 14. f3
Be7 15. e4 h6 16. Bxf6 Bxf6 17. Rad1 a6 18. Qe2 d6 19. Rd2 O-O 20. Rfd1 Rfc8
21. b3 Rab8 22. Nc2 Be7 23. Ne3 b5 24. Rc2 Rc5 25. Rdc1 Bg5 26. cxb5 Rxc2 27.
Rxc2 axb5 28. Ng4 d5 29. exd5 exd5 30. f4 Be7 31. Ne5 Bd6 32. Nf3 b4 33. Qd3
Rd8 34. Nd4 Bf8 35. Kf3 Qb6 36. Rc6 Qa7 37. Rc2 Re8 38. Nc6 Qg1 39. Ne5 Qh1+
40. Rg2 Bd6 41. Qxd5 Bxe5 42. fxe5 h5 43. Qd4 Ra8 44. Qd2 Rc8 45. Kf4 Rc1 46.
Kg5 Re1 47. Kxh5 Qf1 48. Kh4 Re4+ 49. g4 Rxe5 50. Rf2 Qb1 51. Rf3 Qg1 52. Qf2
g5+ 53. Kh5 Qxf2 54. Rxf2 Kg7 55. Rc2 Ra5 56. h3 Kf6 57. Kh6 Ke7 58. Rc4 Rxa2
59. Kxg5 Ra5+ 60. Kh6 Rb5 61. h4 Rb6+ 62. Kh7 Rb7 63. Rf4 Ke6 64. g5 f5+ 65.
Kg6 Rf7 66. Rxb4 Rf8 67. Rb6+ Ke5 68. Kg7 Ra8 69. h5 f4 70. Rf6 1-0

[Event "Duncan Lawrie World Mixed Challenge"]
[Site "London"]
[Date "1988.10.25"]
[Round "4"]
[White "Polgar, Judit"]
[Black "Dunnington, Angus J"]
[Result "1-0"]
[WhiteElo "2365"]
[BlackElo "2280"]
[PlyCount "57"]
[EventDate "1988.10.22"]
[EventType "tourn"]
[EventRounds "9"]
[EventCountry "ENG"]
[EventCategory "4"]
[SourceTitle "BritBase"]
[Source "John Saunders"]
[SourceDate "2022.12.30"]
[SourceVersion "1"]
[SourceVersionDate "2022.12.30"]
[SourceQuality "1"]

1. e4 g6 2. d4 Bg7 3. Nc3 c6 4. Be3 d5 5. Qd2 dxe4 6. Nxe4 Nd7 7. O-O-O Ngf6 8.
Nxf6+ Nxf6 9. Nf3 O-O 10. Ne5 Be6 11. Kb1 a5 12. h4 h5 13. f3 a4 14. a3 Qa5 15.
Qxa5 Rxa5 16. Re1 Raa8 17. Bg5 Bf5 18. Rg1 Rad8 19. g4 hxg4 20. fxg4 Bc8 21. c3
Nd5 22. Bd2 Bf6 {[#]} 23. h5 Bxe5 (23... g5 24. Nf3 {, and if} Nf4 {then} 25.
Bxf4 gxf4 26. g5 {and 27 Rxe7.}) 24. Rxe5 b5 25. Bh6 Rfe8 26. Bd3 Kh7 27. hxg6+
fxg6 (27... Kxh6 28. Rh1+ Kg7 29. Rh7+ Kf8 30. gxf7 {, etc.}) 28. Rh1 Bxg4 29.
Rg5 {The bulletin gives 29 Bg5, but we think the more decisive text was the
move actually played! Source: BCM, December 1988, p530} 1-0

[Event "Duncan Lawrie World Mixed Challenge"]
[Site "London"]
[Date "1988.10.26"]
[Round "5"]
[White "Dunnington, Angus J"]
[Black "Jackson, Sheila"]
[Result "1-0"]
[WhiteElo "2280"]
[BlackElo "2245"]
[PlyCount "122"]
[EventDate "1988.10.22"]
[EventType "tourn"]
[EventRounds "9"]
[EventCountry "ENG"]
[EventCategory "4"]
[SourceTitle "BritBase"]
[Source "John Saunders"]
[SourceDate "2022.12.30"]
[SourceVersion "1"]
[SourceVersionDate "2022.12.30"]
[SourceQuality "1"]

1. Nf3 d5 2. d4 Nf6 3. c4 c6 4. Qc2 g6 5. Bg5 Bg7 6. e3 Bf5 7. Qb3 Qb6 8. Nc3
Nbd7 9. Qa3 O-O 10. cxd5 cxd5 11. Bb5 Qd8 12. O-O a6 13. Be2 Re8 14. h3 h6 15.
Bf4 g5 16. Bh2 e6 17. Qb3 Qb6 18. Nd2 Qxb3 19. Nxb3 b6 20. Rfc1 Rec8 21. a4 Bf8
22. a5 b5 23. g4 Bg6 24. f3 Rc6 25. Nxb5 Rxc1+ 26. Rxc1 axb5 27. Bxb5 Bb4 28.
Rc7 Bxa5 29. Nxa5 Rxa5 30. Bxd7 Nxd7 31. Rxd7 Rb5 32. Be5 f6 33. Bxf6 Bf7 34.
h4 gxh4 35. Bxh4 Rxb2 36. Bf2 Kg7 37. Kg2 Kf6 38. Kg3 Bg6 39. Rc7 h5 40. Kf4
Be8 41. Bh4+ Kg6 42. Re7 Rb8 43. Rxe6+ Kg7 44. Re7+ Kg8 45. Bf6 hxg4 46. Kxg4
Bf7 47. e4 dxe4 48. fxe4 Re8 49. Kf5 Kf8 50. Ra7 Bc4 51. d5 Bd3 52. Be5 Rd8 53.
d6 Bf1 54. Rh7 Ke8 55. Ke6 Bc4+ 56. Kf6 Bg8 57. Re7+ Kf8 58. Bf4 Bc4 59. e5 Bb5
60. e6 Bc6 61. Rf7+ Kg8 1-0

[Event "Duncan Lawrie World Mixed Challenge"]
[Site "London"]
[Date "1988.10.26"]
[Round "5"]
[White "Westerinen, Heikki MJ"]
[Black "Kraidman, Yair"]
[Result "0-1"]
[WhiteElo "2395"]
[BlackElo "2405"]
[PlyCount "167"]
[EventDate "1988.10.22"]
[EventType "tourn"]
[EventRounds "9"]
[EventCountry "ENG"]
[EventCategory "4"]
[SourceTitle "BritBase"]
[Source "John Saunders"]
[SourceDate "2022.12.30"]
[SourceVersion "1"]
[SourceVersionDate "2022.12.30"]
[SourceQuality "1"]

1. e4 e5 2. f4 exf4 3. Bc4 d5 4. exd5 Nf6 5. Nc3 Bd6 6. Qe2+ Qe7 7. Nb5 Kd8 8.
Qxe7+ Bxe7 9. d4 a6 10. d6 cxd6 11. Nc3 Bf5 12. Bxf4 Bxc2 13. Bxf7 Rf8 14. Be6
Nc6 15. Nge2 Ne4 16. Nd5 Bd3 17. Be3 Bg5 18. Nef4 Bc4 19. g3 Bxd5 20. Bxd5 Bxf4
21. gxf4 Re8 22. Ke2 Nf6 23. Bxc6 bxc6 24. Kd3 Rb8 25. b3 Ng4 26. Bg1 Rb5 27.
Rf1 g6 28. h3 Nf6 29. Be3 Rh5 30. Rf3 Kd7 31. Rg1 Nd5 32. Bd2 Rf8 33. Ke2 Rhf5
34. Rg4 Ke6 35. b4 Nc7 36. Rg1 Kd7 37. Ra3 Rd5 38. Be3 Rb8 39. Rb1 Rh5 40. Bd2
Re8+ 41. Kf2 Re4 42. Rd3 Nd5 43. Kg3 Rf5 44. Kf3 Re8 45. Ra3 Nc7 46. Rc1 Rh5
47. Rh1 Nb5 48. Rxa6 Nxd4+ 49. Kg3 Re2 50. Ra7+ Ke6 51. Bc1 Nb5 52. Ra6 Rc2 53.
Re1+ Kd7 54. Be3 Rc3 55. Kg2 Ra3 56. Rxa3 Nxa3 57. Bc1 Nc2 58. Re4 d5 59. Re2
Nxb4 60. Ba3 Nd3 61. Re7+ Kd8 62. Kg3 c5 63. Re3 c4 64. Be7+ Kd7 65. a4 d4 66.
Re4 Rd5 67. Bf6 Nc5 68. Rxd4 Rxd4 69. Bxd4 Nxa4 70. Kg4 Ke6 71. Kg5 Kf7 72. h4
c3 73. h5 gxh5 74. Kxh5 c2 75. Be3 Nc3 76. Kh6 Kg8 77. f5 Ne4 78. Bc1 Nd6 79.
Kg5 Kg7 80. Bb2+ Kf7 81. Kh6 Kg8 82. Kg5 Nc4 83. Bc1 Kg7 84. Kh5 0-1

[Event "Duncan Lawrie World Mixed Challenge"]
[Site "London"]
[Date "1988.10.27"]
[Round "6"]
[White "Arkell, Keith C"]
[Black "Westerinen, Heikki MJ"]
[Result "1-0"]
[WhiteElo "2430"]
[BlackElo "2395"]
[PlyCount "91"]
[EventDate "1988.10.22"]
[EventType "tourn"]
[EventRounds "9"]
[EventCountry "ENG"]
[EventCategory "4"]
[SourceTitle "BritBase"]
[Source "John Saunders"]
[SourceDate "2022.12.30"]
[SourceVersion "1"]
[SourceVersionDate "2022.12.30"]
[SourceQuality "1"]

1. d4 Nf6 2. Nf3 g6 3. c4 Bg7 4. Nc3 d6 5. g3 O-O 6. Bg2 Nc6 7. O-O Bf5 8. d5
Na5 9. Nd2 c6 10. h3 cxd5 11. cxd5 Rc8 12. e4 Bd7 13. Qe2 a6 14. Nf3 Rxc3 15.
bxc3 Bb5 16. Qc2 Bxf1 17. Bxf1 Qc7 18. Be3 Nd7 19. Rc1 Rc8 20. h4 Nc4 21. Bg5
h6 22. Bf4 Qa5 23. Qb3 b5 24. Nd4 Nc5 25. Qc2 Qa4 26. Qe2 Ne5 27. Bxe5 Bxe5 28.
Nc6 Bf6 29. c4 Rc7 30. cxb5 Qxb5 31. Qxb5 axb5 32. e5 Bxe5 33. Nxe5 dxe5 34.
Bxb5 e4 35. a4 Kg7 36. Rc4 Kf6 37. Bc6 Nd7 38. Rxe4 Ne5 39. Rf4+ Kg7 40. a5 Ra7
41. Ra4 Nxc6 42. dxc6 Kf6 43. Rc4 Rc7 44. a6 Ke6 45. a7 Rc8 46. Rd4 1-0

[Event "Duncan Lawrie World Mixed Challenge"]
[Site "London"]
[Date "1988.10.27"]
[Round "6"]
[White "Jackson, Sheila"]
[Black "Bellin, Jana"]
[Result "1/2-1/2"]
[WhiteElo "2245"]
[BlackElo "2300"]
[PlyCount "37"]
[EventDate "1988.10.22"]
[EventType "tourn"]
[EventRounds "9"]
[EventCountry "ENG"]
[EventCategory "4"]
[SourceTitle "BritBase"]
[Source "John Saunders"]
[SourceDate "2022.12.30"]
[SourceVersion "1"]
[SourceVersionDate "2022.12.30"]
[SourceQuality "1"]

1. e4 c5 2. c3 d5 3. exd5 Qxd5 4. d4 Nf6 5. Nf3 Nc6 6. Na3 Bg4 7. Be2 cxd4 8.
Nb5 O-O-O 9. Nbxd4 e5 10. Nxc6 Qxc6 11. Qb3 Be6 12. Qc2 Bc5 13. O-O e4 14. Ng5
Bd5 15. c4 Bd4 16. Qb3 Be6 17. Nxe6 Qxe6 18. Be3 Qe5 19. Bxd4 {etc - rest of
score missing} 1/2-1/2

[Event "Duncan Lawrie World Mixed Challenge"]
[Site "London"]
[Date "1988.10.28"]
[Round "7"]
[White "Bellin, Jana"]
[Black "Westerinen, Heikki MJ"]
[Result "0-1"]
[WhiteElo "2300"]
[BlackElo "2395"]
[PlyCount "92"]
[EventDate "1988.10.22"]
[EventType "tourn"]
[EventRounds "9"]
[EventCountry "ENG"]
[EventCategory "4"]
[SourceTitle "BritBase"]
[Source "John Saunders"]
[SourceDate "2022.12.30"]
[SourceVersion "1"]
[SourceVersionDate "2022.12.30"]
[SourceQuality "1"]

1. d4 Nf6 2. Nf3 g6 3. c4 Bg7 4. Nc3 d5 5. cxd5 Nxd5 6. Bd2 O-O 7. Rc1 Nc6 8.
e3 Nb6 9. Be2 e5 10. dxe5 Nxe5 11. Nxe5 Bxe5 12. O-O Be6 13. b3 c6 14. Qc2 Re8
15. e4 Qd6 16. f4 Rad8 17. Be3 Bd4 18. Bxd4 Qxd4+ 19. Rf2 f6 20. Rd1 Qc5 21.
Rd3 a5 22. Kf1 a4 23. Rff3 axb3 24. axb3 Qb4 25. Bd1 Ra8 26. Rd2 Ra3 27. Ne2
Bf7 28. Rd4 Qe7 29. Qb2 Raa8 30. Nc3 Red8 31. Rfd3 Rxd4 32. Rxd4 Nd7 33. Qd2
Nc5 34. b4 Ne6 35. Rd6 Ra1 36. Kf2 Nf8 37. Qd4 Ne6 38. Qd2 Kg7 39. Bb3 Nf8 40.
Bxf7 Kxf7 41. g3 Ra3 42. Ne2 Qxe4 43. Rxf6+ Kg8 44. Rd6 Qf3+ 45. Kg1 Ra1+ 46.
Nc1 Qa3 0-1

[Event "Duncan Lawrie World Mixed Challenge"]
[Site "London"]
[Date "1988.10.28"]
[Round "7"]
[White "Hennigan, Michael"]
[Black "Dunnington, Angus J"]
[Result "1-0"]
[WhiteElo "2295"]
[BlackElo "2280"]
[PlyCount "73"]
[EventDate "1988.10.22"]
[EventType "tourn"]
[EventRounds "9"]
[EventCountry "ENG"]
[EventCategory "4"]
[SourceTitle "BritBase"]
[Source "John Saunders"]
[SourceDate "2022.12.30"]
[SourceVersion "1"]
[SourceVersionDate "2022.12.30"]
[SourceQuality "1"]

1. e4 d6 2. Nc3 Nf6 3. f4 c6 4. Nf3 Qa5 5. d3 e5 6. g3 Be7 7. Bg2 O-O 8. O-O
Nbd7 9. Kh1 Re8 10. f5 b5 11. h3 b4 12. Ne2 d5 13. Nd2 Bb7 14. g4 h6 15. Ng3
Qd8 16. Nf3 dxe4 17. dxe4 Bc5 18. g5 hxg5 19. Nxg5 Ba6 20. Rf3 Nb6 21. Qe1 Qd6
22. Bf1 Bb7 23. Be2 Rad8 24. Nf1 Nbd5 25. Qh4 Nf4 26. Bc4 Rd7 27. Be3 N4h5 28.
b3 Red8 29. Bxc5 Qxc5 30. Ne3 Qd4 31. Rd1 Qxe3 32. Rxe3 Rxd1+ 33. Re1 Rxe1+ 34.
Qxe1 Nf4 35. Nxf7 Rd4 36. Nxe5+ Kf8 37. Qxb4+ 1-0

[Event "Duncan Lawrie World Mixed Challenge"]
[Site "London"]
[Date "1988.10.28"]
[Round "7"]
[White "Lalic, Susan Kathryn"]
[Black "Arkell, Keith C"]
[Result "1/2-1/2"]
[WhiteElo "2355"]
[BlackElo "2430"]
[PlyCount "23"]
[EventDate "1988.10.22"]
[EventType "tourn"]
[EventRounds "9"]
[EventCountry "ENG"]
[EventCategory "4"]
[SourceTitle "BritBase"]
[Source "John Saunders"]
[SourceDate "2022.12.30"]
[SourceVersion "1"]
[SourceVersionDate "2022.12.30"]
[SourceQuality "1"]

1. e4 e5 2. Nf3 Nf6 3. Nxe5 d6 4. Nf3 Nxe4 5. Qe2 Qe7 6. d3 Nc5 7. Nc3 Bg4 8.
Be3 c6 9. Bxc5 Qxe2+ 10. Bxe2 dxc5 11. h3 Bxf3 12. Bxf3 1/2-1/2

[Event "Duncan Lawrie World Mixed Challenge"]
[Site "London"]
[Date "1988.10.29"]
[Round "8"]
[White "Bellin, Jana"]
[Black "Kraidman, Yair"]
[Result "1/2-1/2"]
[WhiteElo "2300"]
[BlackElo "2405"]
[PlyCount "69"]
[EventDate "1988.10.22"]
[EventType "tourn"]
[EventRounds "9"]
[EventCountry "ENG"]
[EventCategory "4"]
[SourceTitle "BritBase"]
[Source "John Saunders"]
[SourceDate "2022.12.30"]
[SourceVersion "1"]
[SourceVersionDate "2022.12.30"]
[SourceQuality "1"]

1. d4 Nf6 2. Nf3 g6 3. c4 Bg7 4. Nc3 d5 5. cxd5 Nxd5 6. Bd2 O-O 7. Rc1 Nb6 8.
Bg5 Nc6 9. e3 Be6 10. Be2 Nb4 11. a3 N4d5 12. Ne4 Nd7 13. O-O c6 14. Ned2 a5
15. Qc2 Nc7 16. Bc4 c5 17. dxc5 Nxc5 18. b4 axb4 19. axb4 N5a6 20. b5 Nc5 21.
Rfd1 Qe8 22. Bf1 b6 23. Nd4 Bd5 24. Nc4 Be4 25. Qe2 N7e6 26. Bh4 Rb8 27. Bg3
Rb7 28. Nxe6 fxe6 29. f3 Bd5 30. e4 Bxc4 31. Qxc4 Bh6 32. Rc2 Be3+ 33. Bf2
Bxf2+ 34. Rxf2 Rd7 35. Rfd2 1/2-1/2